[Event "Maplewood Pro Cup"]
[Site "Montreal CAN"]
[Date "2024.06.02"]
[Round "5.18"]
[White "Kiryakov, Marin"]
[Black "Dudko, Andrii"]
[Result "0-1"]
[WhiteElo "1828"]
[BlackElo "1727"]
[PlyCount "88"]
[EventDate "2024.05.31"]
[EventType "swiss"]
[EventRounds "6"]
[EventCountry "CAN"]

1. e4 c5 2. Nf3 d6 3. d4 cxd4 4. Nxd4 Nf6 5. Nc3 a6 6. Be2 e5 7. Nb3 Be7 8. Be3
Be6 9. Nd5 Nxd5 10. exd5 Bf5 11. Qd2 Nd7 12. O-O O-O 13. Na5 Qc7 14. c4 Bd8 15.
b4 b6 16. Nc6 Nb8 17. Nxd8 Rxd8 18. f4 Be4 19. fxe5 dxe5 20. Bd3 Bxd3 21. Qxd3
Nc6 22. Qb3 Ne7 23. Rad1 Rab8 24. a3 Nc8 25. Qa2 Nd6 26. c5 bxc5 27. bxc5 Nb5
28. d6 Qd7 29. Rc1 Rbc8 30. Bg5 Re8 31. Be7 Rxe7 32. dxe7 Qxe7 33. c6 Nd4 34.
c7 Rxc7 35. Rxc7 Qxc7 36. Qd5 g6 37. Re1 Qb6 38. Kh1 Nc2 39. Rf1 Qc7 40. Qd3 e4
41. Qxa6 Ne3 42. Qa8+ Kg7 43. Re1 Ng4 44. g3 Qc2 0-1

[Event "Maplewood Pro Cup"]
[Site "Montreal CAN"]
[Date "2024.06.02"]
[Round "5.19"]
[White "Di Matteo, Alessio"]
[Black "Filion, Samuel"]
[Result "1-0"]
[WhiteElo "1847"]
[BlackElo "1812"]
[PlyCount "63"]
[EventDate "2024.05.31"]
[EventType "swiss"]
[EventRounds "6"]
[EventCountry "CAN"]

1. d4 e6 2. c4 d5 3. Nc3 Nf6 4. cxd5 exd5 5. Bg5 Be7 6. e3 h6 7. Bh4 c6 8. Bd3
Nbd7 9. Nge2 Nb6 10. O-O O-O 11. f3 Bd7 12. Qc2 Ne8 13. Bf2 f5 14. e4 fxe4 15.
fxe4 dxe4 16. Nxe4 Nf6 17. N2c3 Ng4 18. Qb3+ Kh8 19. Bg3 Nf6 20. Rad1 Bg4 21.
Rd2 Qxd4+ 22. Bf2 Qd8 23. Bb1 Qc7 24. Bg3 Qc8 25. Nxf6 Rxf6 26. Rxf6 Bxf6 27.
Qc2 Kg8 28. Qh7+ Kf7 29. Bg6+ Ke6 30. h3 Bxc3 31. bxc3 Bxh3 32. Rd6+ 1-0

[Event "Maplewood Pro Cup"]
[Site "Montreal CAN"]
[Date "2024.06.02"]
[Round "6.7"]
[White "Genzling, Jerome"]
[Black "Clyde, Jordan"]
[Result "0-1"]
[WhiteElo "1989"]
[BlackElo "2066"]
[PlyCount "106"]
[EventDate "2024.05.31"]
[EventType "swiss"]
[EventRounds "6"]
[EventCountry "CAN"]

1. e4 d6 2. d4 g6 3. f4 c6 4. Nc3 Bg7 5. Nf3 Bg4 6. Be2 d5 7. exd5 cxd5 8. Ne5
Bxe2 9. Qxe2 a6 10. Be3 Nc6 11. O-O-O e6 12. g4 Nge7 13. h4 h5 14. f5 Nxe5 15.
dxe5 gxf5 16. gxf5 Nxf5 17. Bg5 Qc7 18. Qf3 Ne7 19. Bf6 Bxf6 20. exf6 Ng6 21.
Nxd5 exd5 22. Rhe1+ Kf8 23. Qxd5 Qf4+ 24. Kb1 Qxf6 25. Rf1 Qe7 26. Rde1 Qc7 27.
Rf6 Re8 28. Ref1 Ne5 29. R6f5 Rh7 30. Qd4 Ng4 31. Rxf7+ Qxf7 32. Rxf7+ Rxf7 33.
b3 Re5 34. Kb2 Rfe7 35. Qd8+ Kg7 36. Qd4 Nf6 37. Qf4 Re4 38. Qg5+ Kf7 39. a4
Rg4 40. Qf5 Rxh4 41. Qf3 Rhe4 42. Ka3 h4 43. Qh1 Kg6 44. Qg2+ Rg4 45. Qh1 Rh7
46. Qf3 h3 47. Qd3+ Ne4 48. Qd5 Nf6 49. Qd3+ Kg7 50. Qf3 h2 51. Qxb7+ Kg6 52.
Qxa6 h1=Q 53. Qd3+ Qe4 0-1

[Event "Maplewood Pro Cup"]
[Site "Montreal CAN"]
[Date "2024.06.02"]
[Round "6.8"]
[White "Han, Johnathan"]
[Black "Lu, Tony"]
[Result "1-0"]
[WhiteElo "2329"]
[BlackElo "1968"]
[PlyCount "149"]
[EventDate "2024.05.31"]
[EventType "swiss"]
[EventRounds "6"]
[EventCountry "CAN"]

1. e4 e6 2. d4 d5 3. Nc3 Bb4 4. e5 Ne7 5. a3 Bxc3+ 6. bxc3 c5 7. Qg4 Nf5 8. Nf3
Nc6 9. Bd3 h5 10. Qf4 c4 11. Be2 Qa5 12. Bd2 Bd7 13. O-O O-O-O 14. h3 Nce7 15.
Rfb1 Ba4 16. Ra2 Qc7 17. Rab2 b6 18. Ng5 Rdf8 19. Re1 Ng6 20. Qf3 Nfh4 21. Qg3
Nf5 22. Qh2 Qe7 23. Ra2 Rfg8 24. Bf3 Nf8 25. h4 Ng6 26. g3 Qd7 27. Kh1 Nf8 28.
Qh3 Nh7 29. Qf1 Nxg5 30. Bxg5 Rh7 31. Qe2 Rgh8 32. Kh2 Qb5 33. Bg2 Kd7 34. Bh3
Re8 35. Qf3 g6 36. Bf1 Rc8 37. Rc1 Kc7 38. Qd1 Qa5 39. Qd2 Kd7 40. Rb1 Ng7 41.
Rb4 Ne8 42. Qf4 Nc7 43. Qf6 Re8 44. Qf3 Na6 45. Rb1 Nc7 46. Bh3 Kc8 47. Rb4 Kb8
48. Bg2 Kc8 49. Ra1 Bxc2 50. Qe2 Bb3 51. Qb2 b5 52. Rxb3 cxb3 53. Qxb3 Qa4 54.
Qb2 Rhh8 55. Bf3 Kd7 56. Bd1 Qc4 57. Be2 Qc6 58. Qb4 a5 59. Qxa5 Ra8 60. Qb4
Rhe8 61. Qb2 Ra5 62. Qd2 Raa8 63. Qf4 Rf8 64. Bh6 Qxc3 65. Bxf8 Rxf8 66. Rc1
Qxa3 67. Rc5 b4 68. Qh6 Qa8 69. Bd1 Rg8 70. Qd2 Qa3 71. Qf4 Rf8 72. Qh6 Qb2 73.
Ba4+ Ke7 74. Rxc7+ Kd8 75. Rd7+ 1-0

[Event "Maplewood Pro Cup"]
[Site "Montreal CAN"]
[Date "2024.06.02"]
[Round "6.9"]
[White "Li, Yilin"]
[Black "Saha, Ananda"]
[Result "0-1"]
[WhiteElo "1919"]
[BlackElo "2122"]
[PlyCount "82"]
[EventDate "2024.05.31"]
[EventType "swiss"]
[EventRounds "6"]
[EventCountry "CAN"]

1. e4 e6 2. d4 d5 3. Nc3 Nf6 4. e5 Nfd7 5. f4 c5 6. Nf3 Nc6 7. Be3 cxd4 8. Nxd4
Bc5 9. Qd2 O-O 10. Bb5 Bxd4 11. Bxd4 a6 12. Be2 b5 13. O-O b4 14. Nd1 a5 15.
Re1 Ba6 16. Bg4 Nxd4 17. Qxd4 Rc8 18. Ne3 g6 19. Rad1 Bb7 20. Kh1 Qb6 21. Qd2
Nc5 22. Bf3 Na4 23. Ng4 Nxb2 24. f5 exf5 25. Nf6+ Kg7 26. Qg5 Nxd1 27. Rxd1 Qe6
28. Re1 Rh8 29. Nh5+ Kg8 30. Nf4 h6 31. Qg3 Qe7 32. e6 Qg5 33. Qf2 Qxf4 34. Qb6
Qc7 35. Qxc7 Rxc7 36. e7 Bc6 37. e8=Q+ Bxe8 38. Rxe8+ Kg7 39. Re1 Rxc2 40. Bxd5
Re8 41. Kg1 Rc5 0-1

[Event "Maplewood Pro Cup"]
[Site "Montreal CAN"]
[Date "2024.06.02"]
[Round "6.11"]
[White "Dudko, Andrii"]
[Black "Joseph, Jonath"]
[Result "1/2-1/2"]
[WhiteElo "1727"]
[BlackElo "2055"]
[PlyCount "85"]
[EventDate "2024.05.31"]
[EventType "swiss"]
[EventRounds "6"]
[EventCountry "CAN"]

1. e4 e5 2. Nf3 Nc6 3. Bb5 a6 4. Ba4 Nf6 5. d3 d6 6. h3 Bd7 7. c3 g6 8. O-O Bg7
9. Nbd2 O-O 10. Re1 Ne7 11. Bc2 Ne8 12. d4 Nc6 13. Nf1 f5 14. Bb3+ Kh8 15. Ng5
Qe7 16. exf5 Bxf5 17. dxe5 dxe5 18. Be3 h6 19. Nf3 Rd8 20. Qc1 Kh7 21. N3d2 Nd6
22. Ng3 Na5 23. Bc2 Bxc2 24. Qxc2 Nf5 25. Nxf5 gxf5 26. b4 Nc6 27. Bc5 Qg5 28.
Nf3 Qh5 29. Bxf8 Rxf8 30. Rad1 e4 31. Nd4 Bxd4 32. cxd4 Rg8 33. Re3 Nxb4 34.
Qb1 Nd3 35. Rdxd3 exd3 36. Qxd3 Qg5 37. Rg3 Qc1+ 38. Kh2 Rxg3 39. fxg3 Kg6 40.
Qb3 Qc6 41. Qg8+ Kf6 42. Qf8+ Kg6 43. Qg8+ 1/2-1/2

[Event "Maplewood Pro Cup"]
[Site "Montreal CAN"]
[Date "2024.06.02"]
[Round "6.12"]
[White "Marchand, Calix"]
[Black "Gao, Heye"]
[Result "1-0"]
[WhiteElo "1973"]
[BlackElo "1908"]
[PlyCount "51"]
[EventDate "2024.05.31"]
[EventType "swiss"]
[EventRounds "6"]
[EventCountry "CAN"]

1. e4 e5 2. Nc3 Nf6 3. g3 Bc5 4. Bg2 Nc6 5. Nge2 O-O 6. O-O a6 7. d3 d6 8. h3
Ne8 9. Kh2 f5 10. f4 Ne7 11. fxe5 dxe5 12. Bg5 c6 13. exf5 Rxf5 14. Ne4 Bb6 15.
Qd2 Bc7 16. g4 Rxf1 17. Rxf1 Nd6 18. N2g3 Qe8 19. Nh5 Nxe4 20. Bxe4 Nd5 21.
Nxg7 Qd7 22. Nh5 Bd8 23. Bxd8 Qxd8 24. Qh6 Qe7 25. Rf8+ Qxf8 26. Qxh7# 1-0

[Event "Maplewood Pro Cup"]
[Site "Montreal CAN"]
[Date "2024.06.02"]
[Round "6.13"]
[White "Nassif, Aba"]
[Black "Berube, Maximilien"]
[Result "0-1"]
[WhiteElo "1929"]
[BlackElo "1875"]
[PlyCount "89"]
[EventDate "2024.05.31"]
[EventType "swiss"]
[EventRounds "6"]
[EventCountry "CAN"]

1. d4 Nf6 2. Nc3 d5 3. Bf4 c5 4. e4 Nxe4 5. Nxe4 dxe4 6. dxc5 Qa5+ 7. c3 Qxc5
8. Qa4+ Nc6 9. Qxe4 Bf5 10. Qa4 e5 11. Be3 Qd6 12. Bb5 Be7 13. Nf3 O-O 14. O-O
a6 15. Be2 b5 16. Qd1 Qc7 17. a4 b4 18. a5 Nxa5 19. Qd5 Nc6 20. Bxa6 Rfd8 21.
Qb3 Na5 22. Rxa5 Qxa5 23. Bc4 Bg6 24. cxb4 Qxb4 25. Qxb4 Bxb4 26. Nxe5 Rac8 27.
b3 Bd6 28. Nf3 h6 29. Nh4 Be4 30. f3 Bh7 31. g4 Bc5 32. Bxc5 Rxc5 33. Re1 Rc7
34. Kf2 Rb8 35. f4 Bc2 36. Re3 Rcb7 37. Bd5 Rb4 38. f5 Bxb3 39. Bf3 Bc4 40. Kg3
Rb3 41. Re5 Kf8 42. Kf4 R8b4 43. Kg3 Rb5 44. Re1 Bd5 45. Ng2 0-1

[Event "Maplewood Pro Cup"]
[Site "Montreal CAN"]
[Date "2024.06.02"]
[Round "6.14"]
[White "Mok, Yuen Tak"]
[Black "Duval, Mathieu"]
[Result "1-0"]
[WhiteElo "1918"]
[BlackElo "1872"]
[PlyCount "121"]
[EventDate "2024.05.31"]
[EventType "swiss"]
[EventRounds "6"]
[EventCountry "CAN"]

1. e4 c5 2. Nf3 d6 3. Bb5+ Bd7 4. Bxd7+ Nxd7 5. O-O g6 6. c3 Bg7 7. d4 e5 8.
Na3 Ne7 9. Nc4 Nb6 10. dxc5 Nxc4 11. Qa4+ Qd7 12. Qxc4 Rc8 13. Rd1 Rxc5 14. Qd3
Rc6 15. Be3 O-O 16. b4 Rfc8 17. Rac1 a6 18. a4 b5 19. axb5 axb5 20. Qxb5 Qg4
21. Qd3 f5 22. h3 Qxe4 23. Qxe4 fxe4 24. Nd2 d5 25. Bc5 Nf5 26. Ra1 Bf8 27. Nb3
Bxc5 28. Nxc5 d4 29. cxd4 Nxd4 30. Nxe4 Nc2 31. Ra7 R6c7 32. Rxc7 Rxc7 33. b5
Rb7 34. Rd5 Nd4 35. Nc3 Rc7 36. Ne4 Rb7 37. Rxe5 Nxb5 38. Nc5 Rc7 39. Kh2 Nd4
40. Nd3 Rc3 41. Ne1 Nf5 42. Ra5 Rc1 43. Nd3 Rc3 44. Rd5 Kf7 45. Nb4 Ke6 46. Rd2
Rc4 47. Nc2 Kf6 48. g3 h5 49. Kg2 Rc3 50. Ne1 g5 51. Ra2 Rc6 52. Ra4 Rc1 53.
Ra6+ Kg7 54. Nf3 g4 55. hxg4 hxg4 56. Ne5 Nh6 57. Ra4 Nf5 58. Nxg4 Rc2 59. Rf4
Nd6 60. Ne3 Kg6 61. Nxc2 1-0

[Event "Maplewood Pro Cup"]
[Site "Montreal CAN"]
[Date "2024.06.02"]
[Round "6.15"]
[White "Singher, Jean-Pierre"]
[Black "Morin, Richer"]
[Result "0-1"]
[WhiteElo "1911"]
[BlackElo "1568"]
[PlyCount "94"]
[EventDate "2024.05.31"]
[EventType "swiss"]
[EventRounds "6"]
[EventCountry "CAN"]

1. d4 d5 2. c4 e6 3. Nf3 Be7 4. Nc3 Nf6 5. e3 a6 6. a3 dxc4 7. Bxc4 b5 8. Ba2
c5 9. O-O Bb7 10. Qe2 c4 11. e4 O-O 12. Bg5 Nbd7 13. Rad1 Re8 14. Rfe1 Nxe4 15.
Nxe4 Bxe4 16. Bf4 Bd5 17. Bb1 Bf6 18. Qc2 g6 19. Re3 Bxf3 20. Rxf3 Nb6 21. Be5
Nd5 22. g3 Bg7 23. h4 f6 24. Bf4 Nxf4 25. Rxf4 f5 26. h5 Qd5 27. hxg6 hxg6 28.
Rh4 Bf6 29. Rh3 Kg7 30. Kf1 Rh8 31. Rxh8 Rxh8 32. Ke2 Rh2 33. Qd2 Qg2 34. Qe3
Qd5 35. Qf4 Qd7 36. Bc2 a5 37. b3 c3 38. Qe3 b4 39. axb4 axb4 40. Qd3 Qd6 41.
d5 Qb6 42. Qe3 Qa6+ 43. Qd3 Qa7 44. Qe3 Qa2 45. Qd3 e5 46. Kf1 e4 47. Qe2 e3
0-1

[Event "Maplewood Pro Cup"]
[Site "Montreal CAN"]
[Date "2024.06.02"]
[Round "6.16"]
[White "Zhong, April"]
[Black "Di Matteo, Alessio"]
[Result "1-0"]
[WhiteElo "1832"]
[BlackElo "1847"]
[PlyCount "81"]
[EventDate "2024.05.31"]
[EventType "swiss"]
[EventRounds "6"]
[EventCountry "CAN"]

1. e4 c5 2. Nf3 e6 3. c3 Nf6 4. e5 Nd5 5. Bc4 d6 6. d4 cxd4 7. cxd4 dxe5 8.
dxe5 Be7 9. O-O O-O 10. Qe2 Nd7 11. Qe4 Nc5 12. Qg4 f5 13. Qd4 Nb6 14. Nbd2 g5
15. Qc3 Nxc4 16. Nxc4 Ne4 17. Qc2 b5 18. Rd1 Qc7 19. Ne3 Qb6 20. Nd4 Bb7 21.
Qb3 Nc5 22. Qxb5 Qc7 23. b4 a6 24. Qc4 f4 25. Nxe6 Nxe6 26. Qxe6+ Rf7 27. Nf5
Bf8 28. Nd6 Bxd6 29. Qxd6 Qc3 30. Bd2 Qc2 31. e6 Rf6 32. f3 Qf5 33. Qc7 Bd5 34.
Bc3 Rg6 35. Rxd5 Qxe6 36. Rd7 g4 37. Rg7+ Kf8 38. Qc5+ Qd6 39. Qf5+ Ke8 40.
Qf7+ Kd8 41. Qg8+ 1-0

[Event "Maplewood Pro Cup"]
[Site "Montreal CAN"]
[Date "2024.06.02"]
[Round "6.17"]
[White "Jiang, Barron Jiyu"]
[Black "Kiryakov, Marin"]
[Result "1-0"]
[WhiteElo "1807"]
[BlackElo "1828"]
[PlyCount "127"]
[EventDate "2024.05.31"]
[EventType "swiss"]
[EventRounds "6"]
[EventCountry "CAN"]

1. e4 c5 2. Nf3 Nf6 3. Nc3 d5 4. exd5 Nxd5 5. Nxd5 Qxd5 6. c3 Bg4 7. Be2 Nc6 8.
d4 cxd4 9. O-O e6 10. Nxd4 Bxe2 11. Nxe2 O-O-O 12. Qa4 Qe5 13. Re1 Bd6 14. Bf4
Qa5 15. Qc4 e5 16. Be3 Qc7 17. Ng3 g6 18. Bg5 Be7 19. Bxe7 Qxe7 20. b4 Qc7 21.
b5 Na5 22. Qxc7+ Kxc7 23. Rxe5 Rhe8 24. Rxe8 Rxe8 25. f3 Re5 26. Rb1 f5 27. Kf2
Rd5 28. Rb2 Nc4 29. Rb4 Ne5 30. Ke2 Nd3 31. Rc4+ Kb6 32. a4 a5 33. Nf1 Nb2 34.
Ne3 Rd7 35. Rf4 Kc5 36. g4 fxg4 37. Rxg4 Rd6 38. Rg5+ Kb6 39. c4 Re6 40. c5+
Kc7 41. Kd2 Nxa4 42. Nc4 Rf6 43. Nxa5 Rxf3 44. b6+ Kc8 45. Re5 Rf5 46. Rxf5
gxf5 47. Nb3 Kd7 48. Ke3 Kc6 49. Kd4 Kb5 50. h4 Kb4 51. c6 Nxb6 52. cxb7 Nd7
53. Nc5 Nb8 54. h5 f4 55. Nd3+ Kb5 56. Nxf4 Kb6 57. Ke5 Kxb7 58. h6 Nc6+ 59.
Kf6 Nd4 60. Ng6 Kc6 61. Nf8 Kd5 62. Nxh7 Ne6 63. Ng5 Nf8 64. Kg7 1-0

[Event "Maplewood Pro Cup"]
[Site "Montreal CAN"]
[Date "2024.06.02"]
[Round "6.18"]
[White "Filion, Samuel"]
[Black "Wang, Rachel"]
[Result "0-1"]
[WhiteElo "1812"]
[BlackElo "1794"]
[PlyCount "68"]
[EventDate "2024.05.31"]
[EventType "swiss"]
[EventRounds "6"]
[EventCountry "CAN"]

1. e4 c5 2. c3 Nf6 3. e5 Nd5 4. d4 cxd4 5. cxd4 d6 6. Nf3 Nc6 7. Bc4 e6 8. O-O
Be7 9. Bd2 O-O 10. Nc3 Nxc3 11. Bxc3 d5 12. Bb3 Bd7 13. Qe2 Rc8 14. a3 a6 15.
Bc2 Na7 16. Bd3 Bb5 17. Rac1 Qb6 18. Bd2 Bxd3 19. Qxd3 Qxb2 20. Rb1 Qxa3 21.
Rb3 Qa4 22. Rxb7 Nc6 23. Bc3 Rb8 24. Rfb1 a5 25. Rxb8 Rxb8 26. Rxb8+ Nxb8 27.
Qb1 Bb4 28. Bxb4 axb4 29. Nd2 Nc6 30. Nb3 h6 31. Kf1 Na5 32. Nxa5 Qxa5 33. Ke2
Qa3 34. Kd1 Qc3 0-1